000
00279nam a2200145Ia 4500
100
_a
Paush/Randy
650
_a
General
942
_c
BK
366
_f
20
245
_a
LAST LECTURE
260
_b
Jaico
_a
Mumbai
_c
2011
082
_a
920/PAU
300
_a
297
546
_a
ENGLISH
999
_c
25827
_d
25827